000 00638nam a22002177a 4500
003 UA-OsUOA
001 74649
007 ta
008 20110414b un ||||| |||| 00| 0 ukr d
100 _aХайтун С.Д.
090 _a330
_bХ15
942 _cSA
040 _aUA-OsUOA
_brus
_cUA-OsUOA
_dUA-OsUOA
245 _aПостиндустриальная нравственная революция и ее экономическая (кейнсианская) первооснова
300 _aС.24-36
955 _a0
041 _arus
080 _a330
773 0 _w74647
650 7 _a330 Економіка взагалі
_2UDC
999 _c360944
_d360944